000 00485nam a2200181Ia 4500
005 20250508152852.0
008 008 250505s9999 xx 000 0 eng d
037 _aTextual
040 _aFEDL
_beng
_cFEDL
041 _aeng
_2eng
084 _a572, BOS
_qFEDL
100 _aBose Nirmal Kumar
245 0 _aCultural anthropology
260 _aBombay, India
_bAsia Publishing House
_c1961
300 _ax,140p
942 _cTEXL
_h572, BOS
999 _c1339297
_d1339297